Top 50 MLB Pitchers - Statistics

General Stats
  • This quiz has been taken 35 times
  • The average score is 19 of 50
Answer Stats
Rank Team Answer % Correct
2 Yankees Garrit Cole
93%
9 Dodgers Clayton Kershaw
89%
1 Mets Jacob Degrom
89%
5 Nationals Max Scherzer
82%
11 Padres Blake Snell
79%
3 Indians Shane Bieber
79%
7 Padres Yu Darvish
71%
6 Dodgers Walker Buehler
68%
10 Phillies Aaron Nola
64%
14 Brewers Corbin Burnes
64%
8 Blue Jays Hyun Jin Ryu
61%
16 Nationals Stehpan Strasbourg
61%
4 Dodgers Trevor Bauer
61%
12 Braves Max Fried
57%
26 Astros Zack Greinke
54%
25 Rays Charlie Morton
50%
43 Red Sox Chris Sale
50%
17 White Sox Lance Lynn
50%
21 Brewers Branden Woodruff
46%
24 Cubs Kyle Hendricks
46%
13 White Sox Lucas Giolito
46%
45 Marlins Sandy Alcantara
39%
20 Cardinals Jack Flaherty
36%
41 Padres Joe Musgrove
36%
30 Dodgers Julio Urias
36%
15 Reds Luis Castillo
36%
42 Athletics Sonny gray
36%
44 Rays Tyler Glasnow
36%
22 White Sox Dallas Keuchel
32%
18 Twins Kenta Maeda
32%
46 Nationals Patrick corbin
32%
19 Padres Dinelson Lamet
25%
28 Astros Lance Mccullers
25%
23 Indians Zach plesac
21%
27 Twins Jose Berrios
18%
47 Padres Chris Paddack
11%
29 Athletics Jesus Luzardo
11%
49 Cubs Jose Quintana
11%
40 Rays Chris Archer
7%
35 Twins JA Happ
7%
34 Yankees Micheal Pineda
7%
48 Marlins Sixto Sanchez
7%
33 Royals Brady singer
4%
36 Rangers Dane Dunning
4%
37 Dodgers Dustin Mays
0%
39 Cubs Jake arretia
0%
32 Mariners James Paxton
0%
50 Diamondbacks Madison Bungarner
0%
38 Angels Matt shoemaker
0%
31 Angels Shoei Ohtana
0%
No matching quizzes found
Score Distribution
Percent of People with Each Score
Percentile by Number Answered
Your Score History
You have not taken this quiz